[Event "Cocquio Trevisago op 15th"]
[Site "Cocquio Trevisago"]
[Date "2002.10.27"]
[Round "5"]
[White "Schingaro, Angelo"]
[Black "Travaini, Gianfranco"]
[Result "1-0"]
[WhiteElo "1588"]
[BlackElo "1510"]
[PlyCount "109"]
[EventDate "2002.10.19"]
[EventType "swiss"]
[EventRounds "6"]
[EventCountry "ITA"]
[SourceTitle "EXT 2024"]
[Source "ChessBase"]
[SourceDate "2023.10.10"]
[SourceVersion "1"]
[SourceVersionDate "2023.10.10"]
[SourceQuality "1"]

1. c4 e5 2. Nc3 Nf6 3. Nf3 Nc6 4. g3 d5 5. cxd5 Nxd5 6. Bg2 Be6 7. d3 Be7 8. a3 Rb8 9. 0-0 0-0 10. Bd2 a6 11. Rc1 Qd7 12. Qc2 f6 13. Nxd5 Bxd5 14. Ne1 Bxg2 15. Nxg2 Rbc8 16. Qb3+ Kh8 17. Qxb7 Nd4 18. Qe4 Nb3 19. Rc2 Nxd2 20. Rxd2 Rb8 21. Rc1 c5 22. Ne3 Rb3 23. h4 Rfb8 24. Nc4 Qe6 25. Rcc2 Bd8 26. f4 Qh3 27. Qg2 Qxg2+ 28. Kxg2 exf4 29. gxf4 f5 30. Kg3 Bf6 31. Ne5 Rc8 32. Nf7+ Kg8 33. Nd6 Rcb8 34. Rxc5 Bxb2 35. Rdc2 Rf8 36. Nxf5 Bxa3 37. Rc8 a5 38. R2c7 Rxc8 39. Rxc8+ Bf8 40. Ra8 Ra3 41. Nd6 a4 42. Nc4 Ra2 43. Kf3 g6 44. Nb6 a3 45. Nd7 Kf7 46. Nxf8 Rb2 47. Nxh7 a2 48. Ng5+ Ke7 49. Ne4 Rc2 50. Ke3 Ke6 51. Ra5 Ke7 52. d4 Ke6 53. Kd3 Rb2 54. Nc3 Rb3 55. Rxa2 1-0